00395nam a22001217a 4500020002200000040002300022082001500045245006000060260002600120942001200146999001900158952009600177 a978-1-63989-553-3 adlccdlcddlcedlc 262904bCUS aUrban Transport Systems and Technology by Julian Custer aStates Academic Press 2ddccBK c613646d613646 00102ddc4070aNITbNITd2025-04-22l0o629.04 CUSpNIT-13776r2025-04-22w2025-04-22yBK